La factura en Iberoamřica Doctrina, norma y jurisprudencia /

Detalles Bibliográficos
Autor principal: Sǹchez Sur̀ez, Yoandis
Formato: eBook
Lenguaje:español
Publicado: La Habana: Editorial Acadm̌ica Espaǫla, 2019
Materias:
Acceso en línea:Acceso restringido

MARC

LEADER 00000nam a22000007a 4500
005 20191008233817.0
007 cr|||| ||||
008 191008s2019 cu |||||s|||| 00||0 spa d
020 |a 9786139409723 
035 |a 29536 
040 |a vLex 
090 |c 9736  |d 9736 
100 1 |a Sǹchez Sur̀ez, Yoandis 
245 1 2 |a La factura en Iberoamřica  |h [Recurso electrn̤ico] :  |b Doctrina, norma y jurisprudencia /  |c Yoandis Sǹchez Sur̀ez 
256 |a Servicio en ln̕ea 
260 |a La Habana:  |b Editorial Acadm̌ica Espaǫla,  |c 2019 
300 |a 1 recurso electrn̤ico 
500 |a En el m̀bito del mercado se presenta un entramado de relaciones contractuales que tienen su expresin̤ en la factura, documento privado que dinamiza los actos de negocio, en tanto precisa adaptarse a los cambios caracters̕ticos del entorno comercial; sin embargo, los estudios precedentes se limitan a aristas especf̕icas de la factura. Consecuentemente, desde un enfoque sistematizador, este libro irrumpe en la construccin̤ ter̤ica de la factura en pas̕es iberoamericanos representativos, al abordarse sus modalidades, la interaccin̤ con el crďito y la cesin̤ del mismo, incluso su pertinencia comercial, contable y tributaria, complementada con el anl̀isis exegťico y comparado de la legislacin̤ aplicable y criterios jurisprudenciales especf̕icos, teniendo como colofn̤ su manifestacin̤ en territorio cubano. La presente obra se dirige a juristas, profesores, estudiantes de Derecho, Negocios, Economa̕ y Contabilidad, empresarios y aquellas personas que se acercan autodidactamente a esas ramas del saber. 
506 1 |a Disponible solo en los productos indicados  |d vLex Global  |d vLex Global (Academic Edition, excluding Law Schools)  |d vLex Global (U.S. Academic Edition, Law Schools)  |d vLex Global (U.S. Academic Edition, excluding Law Schools)  |d vLex Global (Academic Edition, Law Schools) 
650 0 4 |a Derecho Mercantil y de la Empresa  |z Cuba 
740 0 |a vLex Libros (Servicio en ln̕ea) 
856 4 0 |u http://vlex.com/source/29536  |z Acceso restringido 
942 |c BOOK 
999 0 |a Commercial and Business Law